000
00249nam a22001097a 4500
008
131217t xxu||||| |||| 00| 0 eng d
020
_a
0-00-617116-8
100
_a
Agatha Christie
_9
439
245
_a
Partners in Crime
300
_a
340
942
_2
ddc
_c
BK
999
_c
16710
_d
16710